|
|
|
|
| LEADER |
01627nam a2200433Ia 4500 |
| 001 |
EBC180222 |
| 003 |
MiAaPQ |
| 005 |
20200520144314.0 |
| 006 |
m o d | |
| 007 |
cr cn||||||||| |
| 008 |
010305s2001 enk sb 001 0deng d |
| 010 |
|
|
|z 01019459
|
| 020 |
|
|
|z 0203513533
|
| 020 |
|
|
|z 0415185815
|
| 035 |
|
|
|a (MiAaPQ)EBC180222
|
| 035 |
|
|
|a (Au-PeEL)EBL180222
|
| 035 |
|
|
|a (CaPaEBR)ebr10096601
|
| 035 |
|
|
|a (CaONFJC)MIL10997
|
| 035 |
|
|
|a (OCoLC)437082833
|
| 040 |
|
|
|a MiAaPQ
|c MiAaPQ
|d MiAaPQ
|
| 050 |
|
4 |
|a HB87
|b .M35 2001
|
| 082 |
0 |
4 |
|a 330/.09
|2 21
|
| 100 |
1 |
|
|a Medema, Steven G.
|
| 245 |
1 |
0 |
|a Historians of economics and economic thought
|h [electronic resource] :
|b the construction of disciplinary memory /
|c Steven G. Medema and Warren J. Samuels.
|
| 260 |
|
|
|a London ;
|a New York :
|b Routledge,
|c 2001.
|
| 300 |
|
|
|a x, 358 p.
|
| 490 |
1 |
|
|a Routledge studies in the history of economics ;
|v 51
|
| 504 |
|
|
|a Includes bibliographical references and index.
|
| 533 |
|
|
|a Electronic reproduction. Ann Arbor, MI : ProQuest, 2015. Available via World Wide Web. Access may be limited to ProQuest affiliated libraries.
|
| 650 |
|
0 |
|a Economics
|x Historiography.
|
| 650 |
|
0 |
|a Economics
|x History
|y 20th century.
|
| 650 |
|
0 |
|a Economics
|x History.
|
| 650 |
|
0 |
|a Economists
|v Biography.
|
| 650 |
|
0 |
|a Economists
|x History.
|
| 655 |
|
4 |
|a Electronic books.
|
| 700 |
1 |
|
|a Samuels, Warren J.,
|d 1933-
|
| 710 |
2 |
|
|a ProQuest (Firm)
|
| 830 |
|
0 |
|a Routledge studies in the history of economics ;
|v 51.
|
| 856 |
4 |
0 |
|u https://ebookcentral.proquest.com/lib/matrademy/detail.action?docID=180222
|z Click to View
|